Tilastot visalle Vatikaani-visa

Klikkaa tästä pelataksesi tätä visaa!

Yleistilastot

  • Tätä visaa on pelattu 79 kertaa
  • Keskiarvotulos 10 / 18

Vastaustilastot

VihjeVastaus% Oikein
Virallisissa yhteyksissä käytetty kieliItalia
100%
Vatikaania ympäröivä kaupunkiRooma
96%
Vatikaani on maailman ____ valtio ennen MonacoaPienin
91%
Kieli, jota käytetään yllä olevassa virallisestiLatina
89%
Tämänhetkinen paaviFranciscus
71%
Sikstuksen kappelin freskot maalannut taiteilijaMichelangelo
56%
Maailman suurin kirkkoPietarinkirkko
53%
Paavin henkivartijat{Sveitsiläis}kaarti
49%
Lipussa olevat esineetTiara
49%
Lipussa olevat esineetAvaimet
47%
Italian pääministeri, joka allekirjoitti tuon sopimuksenBenito Mussolini
44%
Joki, jonka lähellä Vatikaani sijaitseeTiber
36%
Paavin hallitsema valtio vuoteen 1929 asti{Kirkko}valtio
36%
Käsite, jolla viitataan paavin virkaan ja ylimpiin hallintovirkoihinPyhä {Istuin}
33%
Ranskalainen kaupunki, jota paavi hallitsi vuoteen 1797 astiAvignon
33%
Paavin valitsevien kardinaalien kokousKonklaavi
29%
Paavin virallinen asumispaikka{Apostolinen} palatsi
23%
Vuoden 1929 sopimus, jolla Vatikaani perustettiin{Lateraani}sopimus
21%

Tulosjakauma

Persentiili vastausten määrän mukaan

Jokaisen tuloksen saaneiden osuus

Tuloshistoriasi

Et ole pelannut tätä visaa